000 01167nam a2200325 4500
001 bimo0000199544
003 AR-RoIUNI
005 20241122062650.0
007 ta
008 880729s1985 sp r 001 spa d
016 7 _abimoBNE19921144505
_zIBH8605101811
_2SpMaBN
017 _aB 31258-1985
_bOficina Depósito Legal Barcelona
020 _a8434410451
035 _a(OCoLC)434058921
040 _aIBH
_cIUNIR
041 1 _aspa
_hfre
080 _a159.964.2:61
100 1 _aRaimbault, Ginette
245 1 3 _aEl psicoanálisis y las fronteras de la medicina :
_bclínica de lo real /
_cGinette Raimbault.
250 _a[1a ed.]
260 _aBarcelona :
_bAriel,
_c1985.
300 _a187 p. ;
_c20 cm.
490 0 _aAriel psicología ;
_v48
500 _aTraducción de: Clinique du réel
505 0 _aEl psicoanalista entre médicos -- Un síndrome de turner: una identidad discutida -- Simon, un enanismo psicosocial -- Artificios para un cuerpo, y palabras para una vida -- Sin hambre, sin amor y sin tregua -- Mors certa, hora certa.
650 4 _aPSICOLOGÍA
_9108
650 4 _aPSICOANÁLISIS
650 0 _aMedicina
_958
942 _2cdu
_cBK
999 _c3316
_d3316